Cẩm nang chăn nuôi gia cầm

保存先:
書誌詳細
第一著者: Hội chăn nuôi Việt Nam
フォーマット: 図書
言語:Undetermined
出版事項: H. Nông Nghiệp 2002
主題:
タグ: タグ追加
タグなし, このレコードへの初めてのタグを付けませんか!
Thư viện lưu trữ: Trung tâm Học liệu Trường Đại học Cần Thơ
LEADER 00569nam a2200205Ia 4500
001 CTU_58704
008 210402s9999 xx 000 0 und d
020 |b 51000 
082 |a 636.08 
082 |b H452/T1 
100 |a Hội chăn nuôi Việt Nam 
245 0 |a Cẩm nang chăn nuôi gia cầm 
245 0 |c Hội chăn nuôi Việt Nam 
260 |a H. 
260 |b Nông Nghiệp 
260 |c 2002 
650 |a animal husbandry,swine 
650 |x breeding 
904 |i Minh 
980 |a Trung tâm Học liệu Trường Đại học Cần Thơ